| 000 | 01523cab a2200193 4500 | ||
|---|---|---|---|
| 001 | ABS38416 | ||
| 008 | 090401t1987 xxu||||| |||| 00| 0 eng d | ||
| 035 | _a(Sirsi) u10409 | ||
| 041 | _aeng | ||
| 245 | _aSouth Northamptonshire DC v Power | ||
| 260 | _c1987 | ||
| 350 | _a0 | ||
| 490 |
_aWeekly Law Reports _v(1987) 1 WLR 1433-1442(10) |
||
| 520 | _aCA 30 March 1987 After the deceased`s husband`s death she and the defendant started living together in 1982, as husband and wife in the deceased`s matrimonial home which was privately owned. In 1985 the deceased was granted a secure tenancy of premises owned by the local authority (S). The premises were senior citizen`s accommodation for a single person, but the defendant lived there without S`s knowledge. The deceased died nine months after taking up the tenancy, S applied for a possession order on the ground that the defendant was in occupation without S`s licence or consent. Cc held that the defendant was not entitled to remain in occupation as successor to the deceased under Housing Act 1980 s 30 (2) (b) by reason only of the fact that he and the deceased had lived together more than 12 months before the deceased`s death because they had lived elsewhere for part of that time. On appeal, CA held that under s 30 (2) (b) a member of the tenant`s family should have resided with the t | ||
| 650 | _aPROPERTY-RESIDENTIAL PROPERTY-RESIDENTIAL LANDLORD AND TENANT-RESIDENTIAL TENANCIES | ||
| 690 | _aHOUSING-CASE LAW | ||
| 942 | _n0 | ||
| 948 | _c04/03/1997 | ||
| 999 |
_c6561 _d6561 |
||